[Event "Toronto NAYCC U08 Girls"]
[Site "Toronto"]
[Date "2013.08.18"]
[Round "8"]
[White "Schlaak, Alexis J"]
[Black "Zhang, Wendy"]
[Result "1-0"]
[WhiteElo "863"]
[BlackElo "366"]
[PlyCount "41"]
[EventDate "2013.08.14"]
[EventType "swiss"]
[EventRounds "9"]
[EventCountry "CAN"]
[SourceTitle "EXT 2022"]
[Source "ChessBase"]
[SourceDate "2021.10.06"]
[SourceVersion "1"]
[SourceVersionDate "2021.10.06"]
[SourceQuality "1"]

1. e4 e5 2. Nf3 Nc6 3. Bc4 Nf6 4. Ng5 d5 5. exd5 Na5 6. d3 Nxc4 7. dxc4 Ng4 8. h3 Nh6 9. 0-0 Be7 10. Nf3 Qd7 11. Nxe5 Qf5 12. Re1 Bb4 13. Bd2 Bd6 14. Ng6+ Qe5 15. Rxe5+ Bxe5 16. Nxh8 Bxb2 17. Qe2+ Be6 18. dxe6 Bxa1 19. exf7+ Kf8 20. Bb4+ c5 21. Bxc5# 1-0

[Event "Toronto NAYCC U08 Girls"]
[Site "Toronto"]
[Date "2013.08.15"]
[Round "3"]
[White "Levkov, Sabina"]
[Black "Schlaak, Alexis J"]
[Result "0-1"]
[WhiteElo "451"]
[BlackElo "863"]
[PlyCount "64"]
[EventDate "2013.08.14"]
[EventType "swiss"]
[EventRounds "9"]
[EventCountry "CAN"]
[SourceTitle "EXT 2022"]
[Source "ChessBase"]
[SourceDate "2021.10.06"]
[SourceVersion "1"]
[SourceVersionDate "2021.10.06"]
[SourceQuality "1"]

1. e4 e5 2. Nf3 Nc6 3. Nc3 Nf6 4. d4 d6 5. d5 Nb4 6. Bg5 Be7 7. Bb5+ Bd7 8. Bxd7+ Qxd7 9. Bxf6 Bxf6 10. 0-0 0-0 11. a3 Na6 12. Qd3 Nc5 13. Qe3 Qg4 14. h3 Qh5 15. b4 Nd7 16. Nb5 c6 17. Nxd6 Rad8 18. Nxb7 Rb8 19. Nc5 Nxc5 20. Qxc5 cxd5 21. exd5 e4 22. Nd4 Rbc8 23. Qxa7 Rc4 24. Rad1 Qxd5 25. c3 Rxc3 26. a4 Rc4 27. Nb5 Qe5 28. Qa5 h6 29. Rd2 Rfc8 30. Rfd1 Rc1 31. Rxc1 Rxc1+ 32. Rd1 Rxd1# 0-1

[Event "Toronto NAYCC U08 Girls"]
[Site "Toronto"]
[Date "2013.08.15"]
[Round "2"]
[White "Schlaak, Alexis J"]
[Black "Radin, Paige"]
[Result "1-0"]
[WhiteElo "863"]
[BlackElo "657"]
[PlyCount "35"]
[EventDate "2013.08.14"]
[EventType "swiss"]
[EventRounds "9"]
[EventCountry "CAN"]
[SourceTitle "EXT 2022"]
[Source "ChessBase"]
[SourceDate "2021.10.06"]
[SourceVersion "1"]
[SourceVersionDate "2021.10.06"]
[SourceQuality "1"]

1. e4 e5 2. Nf3 Nc6 3. Bc4 Nf6 4. d3 d6 5. Nc3 Be6 6. Bxe6 fxe6 7. Bg5 Qd7 8. 0-0 0-0-0 9. Qd2 h6 10. Bxf6 gxf6 11. h3 h5 12. Nb5 Bh6 13. Qc3 a6 14. Na3 Nd4 15. Nxd4 exd4 16. Qxd4 e5 17. Qa7 Rhg8 18. Qa8# 1-0